[Event "Titled Tuesday intern op 19th Dec Early"]
[Site "Chess.com INT"]
[Date "2023.12.19"]
[Round "7"]
[White "Novak, Ratko"]
[Black "Chemin, Justo Reinaldo"]
[Result "1-0"]
[WhiteElo "2037"]
[BlackElo "2040"]
[PlyCount "81"]
[EventDate "2023.12.19"]
[EventType "swiss (blitz)"]
[EventRounds "11"]
[EventCountry "USA"]
[SourceTitle "CB52_2023"]
[SourceDate "2023.12.27"]
[SourceVersion "1"]
[SourceVersionDate "2023.12.27"]
[SourceQuality "1"]

1. d4 d5 2. c4 e6 3. cxd5 exd5 4. Nc3 Nf6 5. f3 Nbd7 6. e4 dxe4 7. fxe4 Bb4 8. Qd3 Qe7 9. e5 c5 10. Be2 cxd4 11. exf6 dxc3 12. bxc3 Qxf6 13. Qe4+ Be7 14. Bb2 0-0 15. Nf3 Nc5 16. Qd4 Qxd4 17. cxd4 Na4 18. Bc1 Bf6 19. Kf2 Nc3 20. Bd3 Bg4 21. Be3 Rfe8 22. Rhc1 Nd5 23. Bg5 Bxf3 24. Bxf6 Bxg2 25. Be5 Bh3 26. Be4 Be6 27. Rg1 g6 28. h4 f5 29. Bf3 Kf7 30. Rab1 b6 31. h5 Rac8 32. hxg6+ hxg6 33. Rh1 Rc2+ 34. Kg3 Nf6 35. Rbc1 Rxc1 36. Rxc1 Re7 37. Rc6 Nd5 38. a3 g5 39. Bh5+ Kf8 40. Bd6 f4+ 41. Kf3 1-0

[Event "Titled Tuesday intern op 19th Dec Early"]
[Site "Chess.com INT"]
[Date "2023.12.19"]
[Round "1"]
[White "Rodriguez Fontecha, Marcos"]
[Black "Chemin, Justo Reinaldo"]
[Result "1-0"]
[WhiteElo "2289"]
[BlackElo "2040"]
[PlyCount "91"]
[EventDate "2023.12.19"]
[EventType "swiss (blitz)"]
[EventRounds "11"]
[EventCountry "USA"]
[SourceTitle "CB52_2023"]
[SourceDate "2023.12.27"]
[SourceVersion "1"]
[SourceVersionDate "2023.12.27"]
[SourceQuality "1"]

1. d4 d5 2. Bf4 c5 3. e4 dxe4 4. d5 e6 5. Nc3 Nf6 6. Bb5+ Bd7 7. dxe6 fxe6 8. Bc4 Nc6 9. Nge2 e5 10. Be3 Nd4 11. Ng3 b5 12. Be2 Bc6 13. Bxd4 exd4 14. Nb1 Qa5+ 15. Qd2 Qxd2+ 16. Nxd2 0-0-0 17. a4 a6 18. axb5 axb5 19. Ra5 c4 20. 0-0 Bb4 21. Ra6 Kb7 22. Rxc6 Kxc6 23. Ndxe4 Nxe4 24. Nxe4 Rhe8 25. Bf3 Kb6 26. Ng5 h6 27. Ne4 Ra8 28. c3 dxc3 29. bxc3 Bf8 30. h4 Ra3 31. Rc1 g5 32. hxg5 hxg5 33. Nxg5 Bg7 34. Ne4 Rxe4 35. Bxe4 Rxc3 36. Rxc3 Bxc3 37. Kf1 Kc5 38. Ke2 Kd4 39. Bc6 b4 40. Kd1 Kc5 41. Be4 b3 42. Kc1 Bd4 43. f3 Kb4 44. g4 c3 45. Kb1 Ka3 46. f4 1-0

[Event "Titled Tuesday intern op 05th Sep Late"]
[Site "Chess.com INT"]
[Date "2023.09.05"]
[Round "4"]
[White "Rees, Ioan"]
[Black "Chemin, Justo Reinaldo"]
[Result "1-0"]
[WhiteElo "2289"]
[BlackElo "2040"]
[PlyCount "81"]
[EventDate "2023.09.05"]
[EventType "swiss (blitz)"]
[EventRounds "11"]
[EventCountry "USA"]
[SourceTitle "EXT 2024"]
[Source "ChessBase"]
[SourceDate "2023.10.10"]
[SourceVersion "1"]
[SourceVersionDate "2023.10.10"]
[SourceQuality "1"]

1. d4 e6 2. c4 d5 3. Nf3 c6 4. cxd5 exd5 5. Nc3 Bf5 6. Qb3 Qb6 7. Bf4 Qxb3 8. axb3 Nd7 9. e3 Ngf6 10. h3 h6 11. Be2 Ne4 12. Nd2 Nxd2 13. Kxd2 Bb4 14. Ra4 a5 15. Rha1 Ke7 16. g4 Bh7 17. Bd3 Bxd3 18. Kxd3 b5 19. R4a2 g5 20. Bc7 h5 21. Bxa5 Bxc3 22. bxc3 hxg4 23. Bb4+ c5 24. Rxa8 Rxa8 25. Rxa8 cxb4 26. hxg4 f5 27. gxf5 Kf6 28. Rd8 Ke7 29. Rxd7+ Kxd7 30. cxb4 Ke7 31. e4 Kf6 32. f3 dxe4+ 33. fxe4 g4 34. Ke3 Kg5 35. Kf2 Kf4 36. f6 g3+ 37. Kg2 Kxe4 38. f7 Kxd4 39. f8Q Kc3 40. Qc5+ Kxb3 41. Qxb5 1-0

[Event "Titled Tuesday intern op 29th Aug Late"]
[Site "Chess.com INT"]
[Date "2023.08.29"]
[Round "7"]
[White "Morales Garcia, Sergio Joshafatt"]
[Black "Chemin, Justo Reinaldo"]
[Result "0-1"]
[WhiteElo "2221"]
[BlackElo "2040"]
[PlyCount "76"]
[EventDate "2023.08.29"]
[EventType "swiss (blitz)"]
[EventRounds "11"]
[EventCountry "USA"]
[SourceTitle "EXT 2024"]
[Source "ChessBase"]
[SourceDate "2023.10.10"]
[SourceVersion "1"]
[SourceVersionDate "2023.10.10"]
[SourceQuality "1"]

1. d4 d5 2. c4 e6 3. Nf3 c6 4. e3 Nf6 5. Nc3 Nbd7 6. Qc2 dxc4 7. Bxc4 b5 8. Bd3 a6 9. e4 Bb7 10. 0-0 c5 11. e5 Bxf3 12. gxf3 cxd4 13. Nxb5 axb5 14. exf6 gxf6 15. Bxb5 Rb8 16. a4 Bd6 17. Qc6 Qc7 18. f4 Qxc6 19. Bxc6 Ke7 20. a5 Rhg8+ 21. Kh1 Rgc8 22. Bg2 Rc2 23. a6 d3 24. a7 d2 25. axb8Q Bxb8 26. Rd1 Bxf4 27. Bxd2 Bxd2 28. Ra7 Kd6 29. Be4 Rxb2 30. Kg2 f5 31. Bf3 Ne5 32. Be2 f4 33. Kf1 f3 34. Ba6 Ng4 35. Kg1 Ke5 36. Bd3 Bf4 37. Ra5+ Kf6 38. h3 Nxf2 0-1

[Event "Titled Tuesday intern op 29th Aug Late"]
[Site "Chess.com INT"]
[Date "2023.08.29"]
[Round "3"]
[White "Zavgorodniy, Sergiy"]
[Black "Chemin, Justo Reinaldo"]
[Result "1-0"]
[WhiteElo "2416"]
[BlackElo "2040"]
[PlyCount "205"]
[EventDate "2023.08.29"]
[EventType "swiss (blitz)"]
[EventRounds "11"]
[EventCountry "USA"]
[SourceTitle "EXT 2024"]
[Source "ChessBase"]
[SourceDate "2023.10.10"]
[SourceVersion "1"]
[SourceVersionDate "2023.10.10"]
[SourceQuality "1"]

1. d4 d5 2. c4 dxc4 3. e3 e6 4. Bxc4 a6 5. Nf3 b5 6. Be2 Bb7 7. 0-0 Nd7 8. a4 b4 9. b3 a5 10. Bb2 Ngf6 11. Nbd2 c5 12. Rc1 Rc8 13. Bb5 Bd6 14. Ne5 Bxe5 15. dxe5 Nd5 16. Nc4 0-0 17. Nd6 Rc7 18. Nxb7 Rxb7 19. Bc6 Rc7 20. Bxd5 exd5 21. Qxd5 Nb6 22. Qe4 Qe8 23. Rfd1 Qe6 24. Qd3 c4 25. bxc4 Nxa4 26. Bd4 Nc5 27. Qc2 b3 28. Qc3 a4 29. Qb4 Qc6 30. Bxc5 Qxc5 31. Qxa4 Qxe5 32. Qxb3 Rfc8 33. Rc2 h5 34. h4 Qe4 35. g3 Rxc4 36. Rxc4 Qxc4 37. Rd8+ Kh7 38. Qxc4 Rxc4 39. Rd7 Kg6 40. Kg2 f6 41. Rd5 Rc2 42. Ra5 Rb2 43. Ra6 Rc2 44. Ra8 Rc3 45. Rh8 Rc5 46. Kf3 Rf5+ 47. Ke2 Rb5 48. Rd8 Rb2+ 49. Rd2 Rb3 50. Kf3 Rb5 51. Rd4 Rf5+ 52. Kg2 Rc5 53. Rf4 Rb5 54. Ra4 Rc5 55. e4 Rc2 56. Ra3 Rc4 57. Re3 Rc5 58. Kf3 Re5 59. Kf4 Re7 60. Rd3 Re5 61. Rd5 Re6 62. e5 fxe5+ 63. Rxe5 Rf6+ 64. Ke3 Rb6 65. Rg5+ Kh6 66. Rc5 g6 67. Kf3 Rf6+ 68. Kg2 Rb6 69. Rc8 Rb3 70. Rh8+ Kg7 71. Ra8 Kh6 72. Ra5 Rb4 73. Ra3 Rb5 74. f3 Rb2+ 75. Kh3 Rc2 76. g4 hxg4+ 77. fxg4 Rc5 78. Kg3 Rb5 79. Rf3 g5 80. h5 Rb4 81. Rf6+ Kh7 82. Rg6 Rb5 83. Re6 Rb3+ 84. Kf2 Rb4 85. Kf3 Rb3+ 86. Re3 Rb4 87. Ra3 Rf4+ 88. Kg3 Rc4 89. Ra7+ Kh6 90. Ra6+ Kh7 91. Rg6 Rc3+ 92. Kf2 Rc5 93. Kf3 Rc3+ 94. Ke4 Rg3 95. Rxg5 Kh6 96. Rg6+ Kh7 97. Kf4 Rg1 98. Kg5 Rf1 99. Ra6 Rc1 100. Ra7+ Kg8 101. h6 Rc5+ 102. Kh4 Kh8 103. g5 1-0

[Event "Titled Tuesday intern op 22nd Aug Late"]
[Site "Chess.com INT"]
[Date "2023.08.22"]
[Round "3"]
[White "Estrada Nieto, Julian"]
[Black "Chemin, Justo Reinaldo"]
[Result "1-0"]
[WhiteElo "2217"]
[BlackElo "2040"]
[PlyCount "57"]
[EventDate "2023.08.22"]
[EventType "swiss (blitz)"]
[EventRounds "11"]
[EventCountry "USA"]
[SourceTitle "EXT 2024"]
[Source "ChessBase"]
[SourceDate "2023.10.10"]
[SourceVersion "1"]
[SourceVersionDate "2023.10.10"]
[SourceQuality "1"]

1. e4 e6 2. d4 d5 3. Nd2 Nf6 4. e5 Nfd7 5. Bd3 c5 6. c3 Nc6 7. Ne2 cxd4 8. cxd4 f6 9. exf6 Nxf6 10. Nf3 Bd6 11. 0-0 0-0 12. Bf4 Ne4 13. Bxd6 Nxd6 14. Ng3 Qf6 15. Rc1 Bd7 16. a3 Rae8 17. Bb1 g6 18. Re1 h5 19. h4 Nb5 20. Qd2 Nbxd4 21. Nxd4 Nxd4 22. Bxg6 Nf3+ 23. gxf3 Qxg6 24. Re5 Rf5 25. Rxf5 exf5 26. Qxd5+ Be6 27. Qd6 Rf8 28. Re1 Bc8 29. Qxg6+ 1-0

[Event "Titled Tuesday intern op 22nd Aug Late"]
[Site "Chess.com INT"]
[Date "2023.08.22"]
[Round "2"]
[White "Skvortsov, Andrei"]
[Black "Chemin, Justo Reinaldo"]
[Result "1-0"]
[WhiteElo "2294"]
[BlackElo "2040"]
[PlyCount "55"]
[EventDate "2023.08.22"]
[EventType "swiss (blitz)"]
[EventRounds "11"]
[EventCountry "USA"]
[SourceTitle "EXT 2024"]
[Source "ChessBase"]
[SourceDate "2023.10.10"]
[SourceVersion "1"]
[SourceVersionDate "2023.10.10"]
[SourceQuality "1"]

1. e4 e6 2. d4 d5 3. exd5 exd5 4. Nf3 Bd6 5. Nc3 c6 6. Bd3 Ne7 7. h3 0-0 8. Bg5 f6 9. Bd2 Bf5 10. Bxf5 Nxf5 11. Ne2 Nd7 12. c3 Re8 13. 0-0 Qc7 14. Nc1 Ne7 15. Nd3 Ng6 16. Re1 Re4 17. Be3 Rae8 18. Nd2 R4e7 19. Qg4 a5 20. Nf1 a4 21. Bd2 Qb6 22. Ne3 Ndf8 23. Nf5 Rxe1+ 24. Rxe1 Rxe1+ 25. Bxe1 Bb8 26. h4 Qc7 27. g3 b6 28. Bd2 1-0

[Event "Titled Tuesday intern op 01st Aug Late"]
[Site "Chess.com INT"]
[Date "2023.08.01"]
[Round "5"]
[White "Chemin, Justo Reinaldo"]
[Black "Silva Lucena, Cristian"]
[Result "0-1"]
[WhiteElo "2040"]
[BlackElo "2292"]
[PlyCount "90"]
[EventDate "2023.08.01"]
[EventType "swiss (blitz)"]
[EventRounds "11"]
[EventCountry "USA"]
[SourceTitle "EXT 2024"]
[Source "ChessBase"]
[SourceDate "2023.10.10"]
[SourceVersion "1"]
[SourceVersionDate "2023.10.10"]
[SourceQuality "1"]

1. e4 c6 2. d4 d5 3. exd5 cxd5 4. Nf3 Nc6 5. c3 g6 6. Bd3 Bf5 7. Bf4 Bh6 8. Bxh6 Nxh6 9. 0-0 0-0 10. Re1 e6 11. Qd2 Bxd3 12. Qxh6 Qf6 13. Nbd2 Qg7 14. Qxg7+ Kxg7 15. Re3 Ba6 16. Rae1 b6 17. Ne5 Nxe5 18. Rxe5 Rac8 19. Nf3 Rc7 20. Ng5 Rc6 21. f4 Bc4 22. a3 Re8 23. Nf3 Rb8 24. g4 Bd3 25. h4 Rc7 26. R5e3 Bc2 27. Ng5 Rcb7 28. R1e2 Bb1 29. Re1 Bc2 30. Nf3 a5 31. R3e2 Be4 32. Ng5 Bd3 33. Re3 Bc2 34. R3e2 Bd3 35. Re3 Bc4 36. f5 h6 37. Nxe6+ fxe6 38. Rxe6 gxf5 39. gxf5 Rf7 40. R1e5 Rbf8 41. Rg6+ Kh7 42. Ree6 Rg7 43. Rxb6 Rxf5 44. Rxg7+ Kxg7 45. b3 Bd3 0-1

[Event "Titled Tuesday intern op 25th Jul Early"]
[Site "Chess.com INT"]
[Date "2023.07.25"]
[Round "5"]
[White "Ai, Evan Zihao"]
[Black "Chemin, Justo Reinaldo"]
[Result "0-1"]
[WhiteElo "2159"]
[BlackElo "2040"]
[PlyCount "128"]
[EventDate "2023.07.25"]
[EventType "swiss (blitz)"]
[EventRounds "11"]
[EventCountry "USA"]
[SourceTitle "EXT 2024"]
[Source "ChessBase"]
[SourceDate "2023.10.10"]
[SourceVersion "1"]
[SourceVersionDate "2023.10.10"]
[SourceQuality "1"]

1. e4 e6 2. d4 d5 3. Nd2 Nf6 4. e5 Nfd7 5. c3 c5 6. Bd3 Nc6 7. Ne2 cxd4 8. cxd4 f6 9. exf6 Nxf6 10. 0-0 Bd6 11. Nf3 0-0 12. Bf4 Bxf4 13. Nxf4 Qd6 14. g3 e5 15. dxe5 Nxe5 16. Nxe5 Qxe5 17. Qd2 Ne4 18. Bxe4 dxe4 19. Qd5+ Qxd5 20. Nxd5 Bg4 21. Rac1 Rad8 22. Ne3 Bf3 23. Rc2 Rd7 24. Rfc1 Rfd8 25. Kf1 h6 26. h4 b6 27. Ke1 Kf7 28. Rc7 Ke6 29. R1c6+ Ke7 30. Nd5+ Ke8 31. Rxd7 Rxd7 32. Rc8+ Kf7 33. Rc7 Ke6 34. Rxd7 Kxd7 35. Kd2 Kd6 36. Nc3 a6 37. Ke3 Ke5 38. a3 Bg2 39. Ne2 Bf3 40. Nd4 Bg2 41. Nc6+ Kd5 42. Nb4+ Kc4 43. Nxa6 Kb3 44. Nb4 Kxb2 45. Nd5 b5 46. Nc7 Bf1 47. Kxe4 Kxa3 48. Na6 Ka4 49. Kf5 Ka5 50. Nc5 b4 51. Kg6 Kb5 52. Nb3 Bc4 53. Nc1 Ka4 54. Kh7 Ka3 55. Kxg7 Kb2 56. Kxh6 Kxc1 57. g4 b3 58. g5 b2 59. g6 b1Q 60. Kg7 Qf5 61. h5 Qxh5 62. Kf6 Qf3+ 63. Kg7 Qxf2 64. Kh7 Bd3 0-1

[Event "Titled Tuesday intern op 25th Jul Late"]
[Site "Chess.com INT"]
[Date "2023.07.25"]
[Round "11"]
[White "Chemin, Justo Reinaldo"]
[Black "Eggleston, Thomas"]
[Result "1-0"]
[WhiteElo "2040"]
[BlackElo "2215"]
[PlyCount "61"]
[EventDate "2023.07.25"]
[EventType "swiss (blitz)"]
[EventRounds "11"]
[EventCountry "USA"]
[SourceTitle "EXT 2024"]
[Source "ChessBase"]
[SourceDate "2023.10.10"]
[SourceVersion "1"]
[SourceVersionDate "2023.10.10"]
[SourceQuality "1"]

1. e4 e6 2. d4 d5 3. Nc3 Nf6 4. exd5 exd5 5. Bd3 c5 6. dxc5 Bxc5 7. Nf3 0-0 8. 0-0 h6 9. h3 Re8 10. Na4 Bd6 11. Be3 Nc6 12. c3 Ne4 13. Bxe4 dxe4 14. Nd4 Nxd4 15. Qxd4 Qe7 16. Nc5 Bc7 17. Nb3 Rd8 18. Qc4 Qd6 19. g3 Bxh3 20. Rfd1 Qe7 21. Bc5 Qg5 22. Be3 Qh5 23. Rxd8+ Rxd8 24. Qxe4 Bg4 25. Qh1 Qf5 26. Nd4 Qd3 27. Qxb7 Bxg3 28. Qe7 Rc8 29. fxg3 Bh3 30. Re1 Qg6 31. Bf4 1-0